| 000 | 00688nam a2200193Ia 4500 | ||
|---|---|---|---|
| 003 | GCL | ||
| 008 | 140319s9999 xx 000 0 ara d | ||
| 040 |
_aGCL / _cGCL |
||
| 082 | 0 | 4 |
_aم _b780.92 _bج ع |
| 100 | 1 | _aجورج مدبك | |
| 245 | 1 | 0 |
_aعظماء الموسيقى فى العالم : دليل مفهرس كمعجم لاشهر اعلام الموسيقى عبر العصور / _cجورج مدبك |
| 260 |
_aبيروت : _bدار الراتب الجامعية ، _c1994 |
||
| 300 | _a230 ص | ||
| 490 |
_aماذا اعرف _v0 |
||
| 650 | 0 | 4 | _aالموسيقى |
| 650 | 0 | 4 | _aالموسيقى - معاجم |
| 650 | 0 | 4 | _aالموسيقيون - تراجم |
| 942 |
_2ddc _cREF |
||
| 999 |
_c59677 _d59677 |
||